Bovinos charolais /

Guardado en:
Autor Principal: Tocagni, Héctor
Formato: Libro
Publicado: Buenos Aires : Albatros, 1977
Materias:
Etiquetas: Agregar Etiqueta
Sin Etiquetas, Sea el primero en etiquetar este registro!
LEADER 00508nam a22001815a 4500
001 CEM.cems016194
005 20100805171814.0
008 130507s1977##################000#0#####d
003 CEMS
082 0 4 |a 636.21 
100 1 |a Tocagni, Héctor 
245 1 0 |a Bovinos charolais /  |c Héctor Tocagni, 
260 |a Buenos Aires :  |b Albatros,  |c 1977 
300 |a 159 p. 
653 |a Bovinos 
653 |a Bovinos charolais 
653 |a Ganadería 
859 |a CEMS  |b BIB. CEMS - Agricultura  |h 636.21  |i T561-1  |p A12219.83  |t Ej.1  |v 1  |3 Vol. 1